Statistics for Mobile app icon quiz #3

Click here to take the quiz!

General Stats

  • This quiz has been taken 39 times
  • The average score is 12 of 25

Answer Stats

Answer% Correct
Target
85%
Apple tv+
81%
Amazon Music
77%
Subway
77%
Xbox
77%
Temu
73%
The New York Times
73%
ESPN
69%
Airbnb
62%
Fruit ninja
62%
Paramount Plus
62%
Quora
54%
SoundCloud
54%
Door Dash
46%
Indeed Job Search
35%
Peacock
35%
Bank of America
31%
The Guardian
31%
Crunchyroll
23%
Google Keep
15%
Opera web browser
15%
Shein
15%
Zelle
12%
Microsoft Copilot
4%
Samsung web browser
0%

Score Distribution

Percentile by Number Answered

Percent of People with Each Score

Your Score History

You have not taken this quiz